000 00355nam a22001577a 4500
003 SGT
020 _a9789381390900
082 _a610.7362
_bC12Y
100 _aYADAV, MANOJ
245 _aCONCISE COPURSE IN CHILD HEALTH NURSING
250 _a1ST
260 _aINDIA
_bPEE VEE PUB
_c2012
300 _a748
650 _aNURSING BOOKS
942 _2ddc
_cBK
999 _c32747
_d32747